[Event "USA Championship Women 2021"]
[Site "Saint Louis"]
[Date "2021.10.17"]
[Round "10.5"]
[White "Nemcova, Katerina"]
[Black "Tokhirjonova, Gulrukhbegim"]
[Result "0-1"]
[WhiteElo "2331"]
[BlackElo "2322"]
[Annotator "TA"]
[PlyCount "114"]
[EventDate "2021.10.06"]
[EventCountry "USA"]
[SourceTitle "playchess.com"]
[Source "ChessBase"]
[SourceQuality "1"]

{[%evp 13,114,0,0,-39,-37,-26,-35,-17,-36,-65,-64,-71,-66,-57,-54,-46,-43,-51,-58,-54,-58,-112,-108,-139,-90,-87,-87,-90,-92,-93,-84,-89,-88,-88,-86,-97,-86,-76,-71,-81,-82,-85,-74,-135,-126,-194,-187,-189,-141,-143,-136,-147,-134,-179,-184,-210,-187,-222,-228,-225,-271,-275,-275,-263,-241,-212,-231,-304,-305,-328,-326,-329,-325,-356,-315,-312,-305,-285,-283,-283,-277,-373,-248,-302,-289,-319,-318,-312,-302,-244,-189,-287,-283,-285,-285,-280,-279,-560,-527,-533,-525,-498,-489]} 1. e4 e5 2. Nf3 Nc6 3. Bc4 Nf6 4. d4 exd4 5. e5 d5 6. Bb5 Nd7 7. O-O Be7 8. c3 {C56: Two Knights: 4 d4 exd4 5 0-0 Nxe4.} dxc3 9. Qxd5 {[#]} cxb2 $146 ({Predecessor:} 9... Nb4 10. Qb3 cxb2 11. Bxb2 c6 12. Bc4 Nd5 13. e6 fxe6 14. Bxg7 Rg8 15. Bb2 Bf6 {0-1 (26) Ribera Veganzones,J (2087)-Diaz Mino,P (2306) Salobrena 2021}) 10. Bxb2 {Black is slightly better.} O-O {Hoping for ...Ndxe5.} 11. Nc3 Nc5 12. Rfd1 Be6 13. Qxd8 Rfxd8 14. Bxc6 bxc6 15. Nd4 Bd7 16. Ba3 Bf8 17. Rd2 (17. Nb3 $15 Nxb3 18. axb3) 17... Be8 $17 18. Rad1 Rd7 19. f4 {[#]} Na4 $1 20. Nxa4 {Strongly threatening Bxf8.} Bxa3 21. Nb3 Rad8 22. Rxd7 Rxd7 23. Rxd7 Bxd7 {[%mdl 4096] Endgame KBB-KNN} 24. Kf2 Bf5 25. Ke3 Kf8 26. Nd4 Bd7 27. Nb3 Ke8 28. h3 (28. Kd4 $142) 28... h5 29. Kf3 (29. Kd4 $17) 29... h4 $19 30. Nac5 Bc8 31. Ke4 g6 32. Kd4 Bf5 33. Ne4 Be6 34. Ke3 Be7 35. Kf3 Bd5 36. Ke3 c5 {[%cal Bc6c5,Bc5c4][%mdl 32]} 37. g4 hxg3 $1 38. Nxg3 Be6 39. Ne4 {[#]} c4 {[%cal Rc4b3]} ({But not} 39... Bxh3 40. Nbxc5 Kd8 41. Kf3 $17) 40. Nbd2 Bb4 {And now ...c3 would win.} ({Not} 40... Bxh3 41. Nxc4 Kd7 42. Na5 $17) 41. Nb1 Bxh3 42. Kd4 Be6 43. a3 Bf8 44. Nc5 Bh6 45. Ke3 Bf5 46. Nc3 c6 47. Ne2 Kd8 48. Nc3 Kc7 49. N3a4 Bc2 50. Nc3 Bf8 51. Kd4 Bf5 52. N3a4 (52. Kxc4 {was called for.} Bh6 53. Ne2) 52... Bc8 53. Nc3 Bh6 54. Ke3 Kb6 55. N3a4+ (55. N5a4+ {was necessary.} Ka5 56. Nc5) 55... Kb5 {Black is clearly winning.} 56. Kd4 Bxf4 57. Nc3+ Kb6 {Weighted Error Value: White=0.22/Black=0.08} 0-1

[Event "USA Championship Women 2021"]
[Site "Saint Louis"]
[Date "2021.10.18"]
[Round "11.1"]
[White "Lee, Megan"]
[Black "Sharevich, Anna"]
[Result "1/2-1/2"]
[WhiteElo "2211"]
[BlackElo "2276"]
[Annotator "TA"]
[PlyCount "91"]
[EventDate "2021.10.06"]
[EventCountry "USA"]
[SourceTitle "playchess.com"]
[Source "ChessBase"]
[SourceQuality "1"]

{[%evp 10,91,32,32,47,0,22,24,33,5,108,8,15,24,29,25,61,55,79,81,79,60,79,48,75,53,100,95,103,80,210,208,189,74,212,222,184,138,123,127,119,91,87,0,0,0,10,5,7,5,5,0,0,0,13,0,0,0,8,0,0,0,27,0,0,0,0,0,0,0,0,0,0,0,0,0,0,0,0,0,0,0,0,0]} 1. e4 c5 2. Nf3 a6 3. d4 cxd4 4. Nxd4 e6 5. Bd3 g6 6. Be3 Bg7 {B42: Sicilian: Kan Variation: 5 Bd3.} 7. Nd2 Ne7 8. f4 d6 {White has an edge.} 9. O-O {[#]} e5 $146 (9... O-O $11 {keeps the balance.}) ({Predecessor:} 9... O-O 10. Qe1 Nbc6 11. c3 Bd7 12. N4f3 b5 13. Qh4 Nc8 14. Qf2 b4 15. Rac1 bxc3 16. bxc3 {0-1 (54) Efimov,I (2470)-Forintos,G (2445) Bozen 1992}) 10. Ne2 (10. fxe5 $16 {Black must now prevent e6.} dxe5 11. N4f3) 10... exf4 11. Nxf4 Nbc6 12. c3 Ne5 13. Nc4 $36 {[%mdl 2048] [#] aiming for Nxd6+! White fights for an advantage.} Nxc4 14. Bxc4 O-O 15. a4 Nc6 16. h3 Ne5 17. Bb3 Qe7 18. Nd5 Qh4 19. Rf4 Qg3 (19... Qd8 $16) 20. Bf2 $18 Qg5 {Black wants to play ...Bxh3.} 21. h4 (21. Bh4 $18 {has better winning chances.} Qh5 22. Qxh5 gxh5 23. Nc7) 21... Qd8 (21... Qh6 $16) 22. Bb6 Qd7 23. Nf6+ Bxf6 24. Rxf6 Ng4 25. Rxd6 Qe7 26. Rd8 ({Better is} 26. Qd3 $16) 26... Be6 $1 $11 27. Rxa8 Rxa8 28. Bxe6 Qxe6 {[%mdl 64] [#] Double Attack} 29. Qd4 Re8 30. Re1 Qe7 31. g3 Ne5 {Threatens to win with ...Nf3+.} 32. Kg2 Qe6 33. Bc7 Nc6 34. Qb6 Qd7 35. Bf4 ({Wrong is} 35. Qxb7 $2 Ne5 $19) 35... h5 36. Re2 Qd1 {The position is equal.} 37. Kf2 Qh1 38. Qxb7 Qh2+ 39. Kf3 Qh1+ 40. Kf2 Qh2+ 41. Kf3 Qh1+ 42. Rg2 Qf1+ 43. Rf2 Qh1+ 44. Rg2 Qf1+ 45. Rf2 Qh1+ 46. Rg2 {Black escapes into a draw.  Weighted Error Value: White=0.17/Black=0.19} 1/2-1/2

[Event "USA Championship Women 2021"]
[Site "Saint Louis"]
[Date "2021.10.18"]
[Round "11.2"]
[White "Zatonskih, Anna"]
[Black "Paikidze, Nazi"]
[Result "1/2-1/2"]
[WhiteElo "2422"]
[BlackElo "2374"]
[Annotator "TA"]
[PlyCount "27"]
[EventDate "2021.10.06"]
[EventCountry "USA"]
[SourceTitle "playchess.com"]
[Source "ChessBase"]
[SourceQuality "1"]

{[%evp 10,27,4,0,0,0,0,0,12,0,27,-3,0,0,22,-4,0,0,26,0]} 1. d4 Nf6 2. Nf3 e6 3. c4 d5 4. Nc3 dxc4 5. e3 a6 6. a4 b6 {D24: Queen's Gambit Accepted: 3 Nf3 Nf6 4 Nc3.} 7. Bxc4 Bb7 8. O-O Bb4 {The position is equal.} 9. Qe2 O-O 10. Na2 Bd6 {[#]} 11. Nc3 $146 ({Predecessor:} 11. b4 Nbd7 12. Bb2 Qe7 13. Ne5 c5 14. b5 axb5 15. Bxb5 Rfc8 16. Nc1 Rc7 17. Ncd3 Rac8 18. Rfc1 cxd4 19. Rxc7 Rxc7 20. exd4 Qd8 {½-½ (27) Laurusas,T (2518)-Pultinevicius,P (2492) Warsaw 2021}) 11... Bb4 12. Na2 Bd6 13. Nc3 Bb4 14. Na2 {An uneventful encounter.  Weighted Error Value: White=0.08/Black=0.06} 1/2-1/2

[Event "USA Championship Women 2021"]
[Site "Saint Louis"]
[Date "2021.10.18"]
[Round "11.3"]
[White "Foisor, Sabina-Francesca"]
[Black "Eswaran, Ashritha"]
[Result "0-1"]
[WhiteElo "2205"]
[BlackElo "2244"]
[Annotator "TA"]
[PlyCount "78"]
[EventDate "2021.10.06"]
[EventCountry "USA"]
[SourceTitle "playchess.com"]
[Source "ChessBase"]
[SourceQuality "1"]

{[%evp 21,78,-45,10,17,8,0,0,0,30,14,12,-16,-14,-14,-14,-19,-22,-47,-45,-48,-47,-45,-36,-47,0,0,0,-2,0,-3,-2,-7,0,0,0,0,0,0,0,0,0,0,0,0,0,0,0,0,0,-29961,-29962,-29963,-29948,-29973,-29974,-29975,-29974,-29974,-29975]} 1. d4 d5 2. c4 e6 3. Nc3 c6 4. Nf3 Nf6 5. e3 Nbd7 6. Qc2 Bd6 7. b3 O-O 8. Bb2 e5 9. cxd5 cxd5 10. dxe5 Nxe5 11. Be2 Bg4 (11... Nxf3+ $1 $15 12. Bxf3 d4) 12. Nxe5 $11 {D45: Semi-Slav: 5 e3.} Bxe5 13. Bxg4 Nxg4 14. h3 {The position is equal.} Qh4 {...Nxe3 is the strong threat.} 15. O-O Rac8 16. Qf5 {[#]} Bxc3 $146 ({Predecessor:} 16... h5 17. Nd1 g6 18. Qd3 Rfd8 19. Bd4 Bh2+ 20. Kh1 Bb8 21. f4 Rc6 22. Kg1 Nh6 {1-0 (43) Schroll,G (2370)-Havlicek,J (2165) Vienna 1999}) 17. Bxc3 {[#] Black must now prevent Rac1.} Nxe3 $1 18. fxe3 {Threatens to win with Qe5.} Rxc3 19. Qxd5 Qe7 20. e4 Rc5 21. Qd4 Rd8 22. Qf2 Re5 23. Qxa7 Rxe4 24. Rad1 Re8 25. Rd2 h6 26. Qf2 Rc8 27. Rfd1 Qg5 28. Rd5 Rc1 29. Rxg5 Rxd1+ 30. Kh2 hxg5 {[%mdl 4096] Endgame KQ-KRR} 31. Qc2 Ree1 32. Qc8+ Kh7 33. Qxb7 f5 {( -> ...f4)} 34. Kg3 Re2 35. Qf3 $2 {[%mdl 8192] [#]} (35. a4 $11) 35... Re3 $1 {[%cal Re3f3][%mdl 512] Black mates.} 36. Qxe3 f4+ 37. Qxf4 gxf4+ 38. Kxf4 Ra1 39. a4 Rb1 {Weighted Error Value: White=0.34/Black=0.08} 0-1

[Event "USA Championship Women 2021"]
[Site "Saint Louis"]
[Date "2021.10.18"]
[Round "11.4"]
[White "Tokhirjonova, Gulrukhbegim"]
[Black "Cervantes Landeiro, Thalia"]
[Result "1/2-1/2"]
[WhiteElo "2322"]
[BlackElo "2175"]
[Annotator "TA"]
[PlyCount "148"]
[EventDate "2021.10.06"]
[EventCountry "USA"]
[SourceTitle "playchess.com"]
[Source "ChessBase"]
[SourceQuality "1"]

{[%evp 9,148,20,36,18,27,18,24,12,47,53,53,53,57,52,58,58,58,54,52,37,50,50,94,88,90,72,73,89,83,101,108,106,171,165,166,145,195,184,177,183,190,180,175,181,166,189,176,162,177,175,170,155,145,58,82,91,77,25,30,-9,-9,-14,0,-21,0,0,0,-8,-8,-7,-8,-8,-8,-8,-8,-13,-15,-80,-80,-80,-80,-87,-58,-72,-56,-72,-72,-72,-66,-80,0,-75,-73,-75,-75,-70,-72,-72,-75,-106,-52,-64,-51,-53,-8,-28,-19,-19,-19,-19,-19,-19,-19,-31,-31,-49,-50,-79,-76,-79,-79,-77,0,-8,0,0,0,0,0,0,0,0,0,0,0,0,0,0,0,0,0]} 1. c4 e5 2. g3 Nc6 3. Bg2 Bc5 4. Nc3 a6 5. e3 d6 6. Nge2 {A25: English Opening vs King's Indian with ...Nc6 but without early d3.} Ba7 7. h3 Nge7 8. O-O {White has an edge.} h5 9. d4 h4 10. g4 f5 11. d5 Nb8 12. gxf5 Nxf5 {[#]} 13. Ne4 $146 ({Predecessor:} 13. Kh2 Nd7 14. e4 Nh6 15. f4 Qe7 16. f5 Nf6 17. Ng1 g6 18. fxg6 Qg7 19. Bg5 {½-½ (25) Palo,D (2558)-Rasmussen,A (2524) Denmark 2015}) 13... Nd7 14. b4 Qe7 15. a4 Rg8 16. N2c3 g5 17. Qh5+ Qf7 18. Bf3 Qxh5 19. Bxh5+ Ke7 20. Kh2 Nf8 (20... Nf6 $16) 21. Rg1 Nh7 22. c5 a5 23. Nb5 ({Don't play} 23. bxa5 $6 Bxc5 24. Nb5 (24. Nxc5 dxc5 25. Be2 Rxa5 $14) 24... Bd7 $14) 23... Bb8 24. bxa5 Rxa5 25. cxd6+ Nxd6 26. Ba3 Nf6 27. Nxf6 Kxf6 28. Bb4 Ra6 29. Nxd6 cxd6 30. Be2 Ra8 31. f4 (31. e4 $16) 31... Ba7 32. fxe5+ ({Of course not} 32. Bxd6 $6 exf4 33. Bxf4 Bf5 $11) 32... Kxe5 33. Bc3+ (33. Rad1 $16 {Threatens to win with Bc3+.} Bd7 34. Bc3+ Ke4 35. Bd3+ Kxd5 36. Bb5+ Ke6 37. Bc4+ Ke7 38. Bxg8 Rxg8 39. a5) 33... Kxd5 $11 34. Rad1+ Kc6 35. Bb5+ Kc7 36. Bb4 Bxe3 37. Bxd6+ Kb6 38. Rgf1 g4 39. hxg4 Bxg4 40. Rd3 $132 {[%mdl 2048] White is not holding back} Bc5 41. Rf7 Rac8 {[#] White must now prevent ...Bg1+!} 42. Bxc5+ Rxc5 43. Rd6+ (43. Rb3 $1 $11 {keeps the balance.}) 43... Ka7 44. Rd2 Rc3 45. Rg2 Rh3+ 46. Kg1 {[#]} Be6 $1 47. Rf6 (47. Rxg8 Bxf7) 47... Rxg2+ 48. Kxg2 $17 {[%mdl 4096] Endgame KRB-KRB} Rg3+ 49. Kh2 Rh3+ (49... Re3 {feels hotter.} 50. a5 Bc8 51. Rh6 Re5 52. Bd3 h3) 50. Kg2 Re3 51. Kf2 Re5 52. Rh6 h3 $1 53. Bf1 Bd7 54. Bxh3 Bxa4 (54... Bxh3 $17 55. Rxh3 Re4) 55. Re6 Rh5 (55... Rc5 {seems wilder.} 56. Rh6 b6 57. Rh8 Re5 58. Bg4 Re7) 56. Bg2 Rb5 57. Ke3 Rb2 58. Be4 b6 {[%cal Bb7b6,Bb6b5][%mdl 32]} 59. Kd4 Ka6 60. Kc3 Rb3+ 61. Kd4 Ka5 62. Re7 Rg3 63. Rc7 b5 64. Rc1 Kb4 65. Rb1+ Ka3 (65... Bb3 $17) 66. Bc6 {The position is equal.} Rg4+ 67. Kc5 $1 Rg5+ 68. Kb6 Rg6 {And now ...b4 would win.} 69. Kc5 Rg5+ 70. Kb6 Ka2 (70... Rg6 $5 {[%cal Rb5b4]} 71. Kc7 Ka2 $11) 71. Rb4 Ka3 72. Rb1 Ka2 73. Rb4 Ka3 74. Rb1 Ka2 {White really could win this.  Weighted Error Value: White=0.10/Black=0.11} 1/2-1/2

[Event "USA Championship Women 2021"]
[Site "Saint Louis"]
[Date "2021.10.18"]
[Round "11.5"]
[White "Krush, Irina"]
[Black "Abrahamyan, Tatev"]
[Result "0-1"]
[WhiteElo "2429"]
[BlackElo "2344"]
[Annotator "TA"]
[PlyCount "92"]
[EventDate "2021.10.06"]
[EventCountry "USA"]
[SourceTitle "playchess.com"]
[Source "ChessBase"]
[SourceQuality "1"]

{[%evp 9,92,0,8,10,8,2,16,1,7,-10,3,-16,0,0,0,0,0,0,0,-12,-4,-7,0,-27,0,0,50,0,0,-22,-20,-133,-25,-35,-19,-28,-23,-80,-76,-83,-79,-88,-71,-50,10,10,14,8,10,0,0,0,29,0,0,-56,-56,-53,-58,-437,-424,-421,-413,-404,-409,-442,-442,-429,-421,-410,-413,-572,-572,-566,-547,-572,-570,-572,-572,-572,-570,-560,-558,-545,-536]} 1. c4 e6 2. Nc3 Bb4 3. Qb3 Ba5 4. Nf3 c5 5. g3 Nc6 6. Bg2 {A13: English Opening: 1...e6.} Nf6 7. O-O O-O 8. d3 {The position is equal.} d6 9. h3 h6 10. e4 {[#]} Bd7 $146 ({Predecessor:} 10... e5 11. Qd1 a6 12. Be3 Rb8 13. Nd2 Nd4 14. f4 b5 15. Rf2 Bd7 16. Rc1 Bb6 {1-0 (47) Bezman,V (2395)-Jascenko,O (2180) St Petersburg 1994}) 11. Be3 e5 12. Qd1 (12. Qxb7 $2 Rb8 $19) 12... a6 13. Nd2 Rb8 14. f4 exf4 15. gxf4 b5 16. Kh2 Nh7 17. Nd5 f5 18. b3 Re8 19. Rg1 Nb4 20. Nf1 (20. Nxb4 $11 {keeps the balance.} Bxb4 21. Qh5) 20... bxc4 (20... Nxd5 $17 21. cxd5 Qh4) 21. dxc4 fxe4 22. Nxb4 Bxb4 23. Ng3 (23. Qxd6 $11 Rb6 24. Qd5+ {[%mdl 64] Double Attack} Rbe6 25. Ng3 (25. Bxc5 Bxc5 26. Qxc5 Qh4 $15)) 23... Nf6 $17 24. Nxe4 Nxe4 25. Bxe4 Qf6 (25... Rxe4 26. Qd5+ Kh8 27. Qxe4 $16) 26. Qf3 Bf5 (26... Kh8 $15 27. Bd3 Bc6 $1) 27. Bxf5 $11 Qxf5 28. Rad1 Re6 29. Bc1 Rbe8 {[%cal Bb8e8,Be8e7,Be7e1][%mdl 32]} 30. Rg2 R8e7 (30... Rg6 {feels hotter.} 31. Rdg1 Rxg2+ 32. Rxg2 g6 33. Qg4 Kf7) 31. Bb2 Re3 32. Qd5+ ({Don't blunder} 32. Rxg7+ $2 Rxg7 33. Qd5+ Qxd5 $19) (32. Qg4 $11 Qxg4 33. hxg4) 32... Qxd5 $15 33. Rxd5 Re2 {Threatens to win with ...Rxg2+.} 34. Bc1 $2 {[%mdl 8192] [#] Now White is beyond hope.} (34. Rxd6 $2 Rxg2+ 35. Kxg2 Re2+ 36. Kg3 Rxb2 $19) (34. Ba1 $15) 34... Rxg2+ $1 $19 35. Kxg2 {[%mdl 4096] Endgame KRB-KRB} Re1 36. Rxd6 a5 (36... Rxc1 $2 37. Rxa6 h5 38. h4 $19) 37. a3 {[#]} Bc3 38. Rc6 ({Stronger than} 38. Rd8+ Kf7 $19) 38... Rxc1 39. Rxc5 {KRB-KR} Ra1 40. Rb5 Ra2+ {Black is clearly winning.} 41. Kf3 Rxa3 42. c5 {c6 is the strong threat.} Bb4 43. c6 {Strongly threatening c7.} Rxb3+ 44. Ke4 Rc3 45. Kd5 Kf7 46. Rb7+ Be7 {Weighted Error Value: White=0.32/Black=0.11} 0-1

[Event "USA Championship Women 2021"]
[Site "Saint Louis"]
[Date "2021.10.18"]
[Round "11.6"]
[White "Yip, Carissa"]
[Black "Nemcova, Katerina"]
[Result "1/2-1/2"]
[WhiteElo "2402"]
[BlackElo "2331"]
[Annotator "TA"]
[PlyCount "103"]
[EventDate "2021.10.06"]
[EventCountry "USA"]
[SourceTitle "playchess.com"]
[Source "ChessBase"]
[SourceQuality "1"]

{[%evp 13,103,38,50,0,0,0,0,0,0,-23,-8,-18,-10,-52,-26,-57,-56,-47,-54,-116,-45,-65,-54,-139,-146,-140,-110,-145,-107,-145,-139,-152,-145,-167,-160,-210,-212,-317,-327,-293,-241,-236,-172,-169,-169,-164,-173,-183,-171,-181,-168,-167,-166,-163,-157,-164,-169,-175,-177,-172,-156,-163,-154,-146,-146,-135,-111,-119,-100,-100,-112,-117,0,-31,0,-121,-116,-121,-86,-79,0,-109,0,0,0,0,0,-4,0,0,0,0]} 1. e4 c5 2. Nf3 Nc6 3. d4 cxd4 4. Nxd4 Nf6 5. Nc3 d6 6. Bg5 g6 7. Bxf6 exf6 8. g3 {8.Bb5 is a critical line. B60: Sicilian: Richter-Rauzer: Unusual Black 6th moves and 6...Bd7 without 7 Qd2.} (8. Bb5 $5 {[%cal Rd4c6]} Bd7 9. Qd2 $14) 8... Bg7 9. Bg2 O-O 10. O-O {[#]} f5 $146 ({Predecessor:} 10... Nxd4 11. Qxd4 f5 12. Qd3 fxe4 13. Bxe4 Be6 14. Rab1 Rc8 15. Nd5 Re8 16. c4 Qa5 {0-1 (84) Rydstrom,T (2262)-Westerberg,J (2469) Vaxjo 2017}) 11. Nde2 fxe4 12. Bxe4 Bg4 13. Qd5 Qb6 14. a3 Rad8 ({Reject} 14... Qxb2 $6 15. Rfb1 $1 $14) 15. Rab1 Rfe8 16. Bf3 (16. Nf4 $15) 16... Be6 (16... Bxf3 $17 17. Qxf3 d5 {[%mdl 64] Deflection} 18. Nxd5 {[#]} Rxd5 $1 {[%mdl 512]} 19. Qxd5 Rxe2) 17. Qd2 $15 d5 {Strongly threatening ...d4.} 18. Na4 {[#]} (18. Nf4 $15) 18... Ne5 $1 $17 {[%cal Bc6e5,Be5c4,Bc4e3][%mdl 544]} 19. Bg2 {[#]} Nc4 {[%mdl 512]} 20. Qc1 Qd6 21. Nac3 d4 22. Ne4 Qc7 {aiming for ...Bd5.} 23. Nf4 Bf5 24. Re1 {[#]} Ne3 $1 {[%mdl 576] Discovered Attack} 25. Nf6+ (25. fxe3 {is a better defense.} Bxe4 26. Bxe4 Rxe4 27. Qd2) (25. f3 Nxc2) 25... Bxf6 $19 26. fxe3 Qxc2 27. e4 Qxc1 28. Rbxc1 Bd7 29. Nd5 Be5 30. Bf1 Kg7 31. Nb4 Rc8 32. Nd3 Rxc1 33. Rxc1 Bd6 34. Bg2 Rc8 35. Rd1 f6 36. Rd2 b6 37. Ne1 Be5 38. Nf3 Rc1+ 39. Kf2 Bg4 40. Nxd4 Bxd4+ 41. Rxd4 $17 {[%mdl 4096] Endgame KRB-KRB} Rc2+ {[%mdl 64] Double Attack} 42. Kg1 Rc1+ (42... Rxb2 $17 43. Rc4 Rd2) 43. Kf2 $1 $15 Rc2+ ({Better is} 43... h6 $15) 44. Kg1 $1 $17 Rxb2 45. Rc4 Rb1+ 46. Kf2 Rb2+ 47. Kg1 a5 (47... Rd2 $17 48. h3 Be6) 48. e5 $1 $11 {[%cal Re5f6] The position is equal.} Rb1+ (48... Be6 $5 49. Rc7+ $8 Kf8 $11) 49. Kf2 {Threatens to win with exf6+.} Rb2+ 50. Kg1 Rb1+ 51. Kf2 {And now exf6+ would win.} Rb2+ 52. Kg1 {White happily takes the draw.  Weighted Error Value: White=0.15/Black=0.17} 1/2-1/2